Nations which no longer exist #1 - Statistics

General Stats
  • This quiz has been taken 52 times
  • The average score is 10 of 15
Answer Stats
Hint Answer % Correct
Was made up of multiple Soviet republics Soviet Union
98%
Country in modern day Czechia and Slovakia Czechoslovakia
89%
Country made up of six republics, in the Balkans Yugoslavia
89%
Country annexed by China in 1951 Tibet
83%
Empire that invaded Serbia, starting World War 1 Austria-Hungary
78%
American State, formerly a Kingdom in the Pacific Hawaii
78%
Kingdom which formed the German Empire Prussia
76%
Largest Empire in pre-Columbian America Inca Empire
72%
England and Scotland united to form this Union Great Britain
70%
Kingdom mainly in modern day Thailand Siam
70%
Union between Castile, Aragon, and Portugal Iberian Union
50%
Afroeurasian Empire, which spanned the Mediterranean Sea Roman Empire
50%
Continuation of the above, primarily in its eastern provinces Byzantine Empire
41%
Union, started by Egypt and Syria United Arab Republic
30%
Vlad the Impaler ruled this Country, from 1456-1462 Wallachia
28%
No matching quizzes found
Score Distribution
Percent of People with Each Score
Percentile by Number Answered
Your Score History
You have not taken this quiz